Sports Quiz

Random Sports or NBA Quiz

First NBA 50 Point Game by Season Quiz Stats

 Plays Quiz Updated Jun 14, 2018

Score 0/54 Timer 06:00
2 Plays Today
Season Player % Correct
2017-18LeBron James
98%
2005-06LeBron James
96.5%
2010-11LeBron James
96.5%
2011-12Kevin Durant
95.8%
2012-13Kevin Durant
95.8%
2013-14Kevin Durant
95.8%
2015-16Stephen Curry
95.6%
1986-87Michael Jordan
93.6%
1987-88Michael Jordan
93.6%
1988-89Michael Jordan
93.6%
1989-90Michael Jordan
93.5%
1992-93Michael Jordan
93.5%
1996-97Michael Jordan
93.5%
2016-17Anthony Davis
91.2%
2002-03Kobe Bryant
88.9%
1963-64Wilt Chamberlain
85.1%
1964-65Wilt Chamberlain
85.1%
1965-66Wilt Chamberlain
85.1%
2004-05Dirk Nowitzki
78.2%
2008-09Tony Parker
78.1%
1981-82Moses Malone
70.5%
1984-85Moses Malone
70.5%
1990-91Patrick Ewing
70.4%
2007-08Allen Iverson
70.2%
1993-94David Robinson
68.7%
1999-00Clifford Robinson
68.3%
1978-79Truck Robinson
68.3%
Season Player % Correct
1970-71Kareem Abdul-Jabbar
65.8%
1971-72Kareem Abdul-Jabbar
65.8%
1974-75Kareem Abdul-Jabbar
65.8%
1991-92Dominique Wilkins
62.2%
2006-07Michael Redd
52.3%
2009-10Brandon Jennings
49.4%
1966-67Rick Barry
45.2%
1973-74Rick Barry
45.2%
1977-78Rick Barry
45.2%
1985-86Alex English
45.2%
1967-68Willis Reed
36.7%
2014-15Mo Williams
35.4%
2003-04Rashard Lewis
33.2%
1979-80Adrian Dantley
30.1%
1980-81Adrian Dantley
30.1%
1982-83Adrian Dantley
30.1%
1975-76Bob McAdoo
29.1%
1976-77Phil Smith
28.1%
1995-96Mahmoud Adbul-Rauf
24.4%
2000-01Antawn Jamison
22.2%
1968-69Elvin Hayes
22.1%
2001-02Shareef Abdur-Rahim
16%
1972-73Tiny Archibald
15.4%
1994-95Jamal Mashburn
15.2%
1983-84Kiki Vandeweghe
12%
1969-70Lou Hudson
8.3%
1997-98Tracy Murray
3.9%

You're not logged in!

Compare scores with friends on all Sporcle quizzes.
OR
Log In

You Might Also Like...

Show Comments

Extras

Top Quizzes Today


Score Distribution

Your Account Isn't Verified!

In order to create a playlist on Sporcle, you need to verify the email address you used during registration. Go to your Sporcle Settings to finish the process.

Report this User

Report this user for behavior that violates our Community Guidelines.

Details: